000 01184 a2200241 4500
003 Nust
005 20230516101028.0
010 _a 83081873
020 _a0818605146 (pbk.)
020 _a0818645148 (microfiche)
040 _cNust
082 0 0 _a001.642,FRE
245 0 0 _aTutorial on software design techniques /
_c[edited by] Peter Freeman, Anthony I. Wasserman.
250 _a4th ed.
260 _aSilver Spring, MD :
_bIEEE Computer Society Press ;
_aLos Angeles, CA :
_bOrder from IEEE Computer Society,
_c1983.
300 _aix, 719 p. :
_bill. ;
_c28 cm.
505 _aPart.1 Introduction (Page-2), Part.2 Analysis Techniques (Page-79), Part.3 Specification Methods (Page-177), Part.4 External Design (Page-242), Part.5 Architecture Design Techniques: Process View (Page-304), Part.6 Architecture Design Techniques : Data View (Page-395), Part.6 Detailed Design Techniques (Page-485), Part.8 Design Validation (Page-542), Part.9 Software Development Methodologies (Page-607)
650 0 _aComputer programming.
700 1 _aFreeman, Peter,
_d1941-
_9112353
700 1 _aWasserman, Anthony I.
_9112354
740 0 _aSoftware design techniques.
942 _2ddc
_cBKB
999 _c175673
_d175673